000 00562nam a2200205Ia 4500
005 20260429112100.0
008 260429s9999||||xx |||||||||||||| ||und||
020 _a9781032775692
041 _aEnglish
082 _a320.954
_bCHA
100 _aChakrabarty, Bidyut
245 0 _aModern Indian political thought :
_btext and thought /
_cBidyut Chakrabarty
250 _a1st ed.
260 _aLondon :
_bRoutledge,
_c2024.
300 _aix, 388 p.; pbk
650 _a India
650 _aPolitical thought
700 _a Pandey, Rajemdra K.
942 _cTB
999 _c52253
_d52253